Focus (Record no. 82173)

MARC details
000 -LEADER
fixed length control field 01297cab a22002415a 4500
001 - CONTROL NUMBER
control field L149429
008 - FIXED-LENGTH DATA ELEMENTS--GENERAL INFORMATION
fixed length control field 100305e20100124xxkbdo f s 000 0 eng d
035 ## - SYSTEM CONTROL NUMBER
System control number (Sirsi) u149429
041 0# - LANGUAGE CODE
Language code of text/sound track or separate title eng
100 1# - MAIN ENTRY--PERSONAL NAME
Personal name Pilkington, Lisa
245 00 - TITLE STATEMENT
Title Focus
Remainder of title East Midlands offices and retail
260 ## - PUBLICATION, DISTRIBUTION, ETC.
Date of publication, distribution, etc. 2010
490 ## - SERIES STATEMENT
Series statement Estates Gazette
Volume/sequential designation (1003) 23 January 2010, 77-93(14)
520 ## - SUMMARY, ETC.
Summary, etc. Optimism for Derby council from its new chief executive as he starts to work with the private sector to progress developments; agents in Leicester and Derby value prelets, office statistics comparing the two cities; retail in Leicester and Derby; two major office developments are planned for Nottingham - Unity Square and Eastside; vision to make Northampton a market city the size of Leicester; uncertainty about supersizing Daventry; major schemes in Lincoln are in doubt; Grantham's regeneration moves forward; what is the optimum time to develop Chesterfield's Waterside, an ambitious canal challenge costing £300m.
590 ## - LOCAL NOTE (RLIN)
Local note KA
651 #4 - SUBJECT ADDED ENTRY--GEOGRAPHIC NAME
Geographic name East Midlands (England)
690 ## - LOCAL SUBJECT ADDED ENTRY--TOPICAL TERM (OCLC, RLIN)
Topical term or geographic name as entry element PROPERTY-COMMERCIAL PROPERTY-COMMERCIAL PROPERTY MARKET
690 ## - LOCAL SUBJECT ADDED ENTRY--TOPICAL TERM (OCLC, RLIN)
Topical term or geographic name as entry element PROPERTY-PROPERTY MANAGEMENT-REGENERATION
700 1# - ADDED ENTRY--PERSONAL NAME
Personal name Jacobs, Kurt
700 1# - ADDED ENTRY--PERSONAL NAME
Personal name Cunningham, Daniel
700 1# - ADDED ENTRY--PERSONAL NAME
Personal name Smith, Melanie
942 ## - ADDED ENTRY ELEMENTS (KOHA)
Suppress in OPAC 0
Holdings
Withdrawn status Lost status Source of classification or shelving scheme Damaged status Not for loan Home library Current library Shelving location Date acquired Total Checkouts Full call number Barcode Date last seen Copy number Price effective from Koha item type
    Dewey Decimal Classification     London London Journals 05/03/2010   L149429 L149429 06/08/2019 1 06/08/2019 Journal article